| 000 | 00796nam a22002057a 4500 | ||
|---|---|---|---|
| 999 |
_c15281 _d15281 |
||
| 003 | OSt | ||
| 082 | _2631.75807 GEE/DE | ||
| 088 | _aP 52 | ||
| 100 |
_aGEETHA S _93760 |
||
| 245 | _aDevelopment and performance evaluation of a cablegation system for surface irrigation | ||
| 260 |
_aTavanur 1996 _bDepartment of Land and Water Resources and Conservation Engineering |
||
| 300 | _a85 | ||
| 500 | _aDevelopment and performance evaluation of a cablegation system for surface irrigation | ||
| 520 | _aDevelopment and performance evaluation of a cablegation system for surface irrigation | ||
| 700 |
_aPrasad V. P _93761 |
||
| 700 |
_aVinodkumar P.R _93762 |
||
| 700 |
_aEr. Rema K. P (Guide) _93554 |
||
| 856 | _uhttps://drive.google.com/open?id=1stDSE4h7-HIAl-kIn8Rf4MkJ4d-bSP7S | ||
| 942 | _cPR | ||